Statistics for Countries with the Highest Infant Mortality Rate

Click here to take the quiz!

General Stats

  • This quiz has been taken 37 times
  • The average score is 20 of 29

Answer Stats

rateCountry% Correct
97.8Mali
91%
83.7Niger
88%
121.5Somalia
84%
88.1D.R. Congo
84%
119.0Chad
81%
116.5Central African Republic
81%
60.5Sudan
81%
69.8Togo
81%
100.8Guinea
78%
98.6South Sudan
78%
93.0Benin
78%
76.4Burkina Faso
78%
119.9Nigeria
75%
80.9Ivory Coast
72%
58.5Burundi
72%
105.1Sierra Leone
72%
81.5Guinea-Bissau
69%
75.7Mauritania
69%
76.1Cameroon
63%
62.3Afghanistan
63%
77.2Angola
59%
73.2Mozambique
59%
70.9Liberia
59%
81.1Lesotho
56%
85.3Equatorial Guinea
56%
59.3Djibouti
53%
64.8Haiti
44%
67.5Comoros
38%
69.3Pakistan
34%

Score Distribution

Percentile by Number Answered

Percent of People with Each Score

Your Score History

You have not taken this quiz